000
00289nam a22001337a 4500
008
170503b xxu||||| |||| 00| 0 eng d
020
_a
9780137025848
041
_a
eng
080
_a
343.9
100
_a
13
101
_a
SHJ
245
_a
GARDIAN CTIMINOLOGY
_c
VOLK R
942
_2
udc
_c
BK
999
_c
12595
_d
12595